Sports Quiz

Random Sports or Soccer Quiz

FIFA Player of the Year Top 10 (Since 2000) Quiz Stats

 Plays Quiz Updated Nov 6, 2018

Score 0/192 Timer 09:00
74 Plays Today
Year Player % Correct
2017Cristiano Ronaldo
99.3%
2016Cristiano Ronaldo
99.3%
2015Lionel Messi
99.3%
2016Lionel Messi
99.3%
2017Lionel Messi
99.3%
2014Lionel Messi
99.2%
2012Cristiano Ronaldo
99.2%
2011Cristiano Ronaldo
99.2%
2010Cristiano Ronaldo
99.2%
2009Cristiano Ronaldo
99.2%
2007Cristiano Ronaldo
99.2%
2006Cristiano Ronaldo
99.2%
2012Lionel Messi
99.2%
2011Lionel Messi
99.2%
2010Lionel Messi
99.2%
2009Lionel Messi
99.2%
2008Cristiano Ronaldo
99.2%
2015Cristiano Ronaldo
99.2%
2008Lionel Messi
99.2%
2007Lionel Messi
99.2%
2013Lionel Messi
99.2%
2013Cristiano Ronaldo
99.2%
2014Cristiano Ronaldo
99.2%
2018Lionel Messi
99.2%
2018Cristiano Ronaldo
99.2%
2004Ronaldo
99%
2003Ronaldo
99%
2002Ronaldo
99%
2018Luka Modrić
96.7%
2017Neymar
96.4%
2018Mohamed Salah
96.2%
2016Neymar
95.7%
2015Neymar
95.5%
2014Neymar
94.9%
2017Luka Modrić
94.6%
2017Luis Suárez
94.4%
2016Luis Suárez
94.2%
2015Luis Suárez
94%
2018Eden Hazard
93.7%
2013Neymar
93.5%
2016Gareth Bale
92.5%
2018Harry Kane
89.9%
2013Gareth Bale
89.4%
2018Kylian Mbappé
89.1%
2016Andrés Iniesta
88.6%
2015Andrés Iniesta
88.5%
2013Andrés Iniesta
88.4%
2012Andrés Iniesta
88%
2010Andrés Iniesta
88%
2009Andrés Iniesta
88%
2011Andrés Iniesta
88%
2008Andrés Iniesta
88%
2006Didier Drogba
87.6%
2012Didier Drogba
87.5%
2010Didier Drogba
87.5%
2009Didier Drogba
87.5%
2005Didier Drogba
87.5%
2011Luis Suárez
87.3%
2007Didier Drogba
86.9%
2018Antoine Griezmann
86.7%
2017Gianluigi Buffon
85.8%
2012Xavi
85.8%
2011Xavi
85.8%
2010Xavi
85.8%
Year Player % Correct
2009Xavi
85.8%
2008Xavi
85.8%
2013Zlatan Ibrahimovic
85.4%
2016Gianluigi Buffon
84.8%
2018Kevin De Bruyne
84.5%
2012Zlatan Ibrahimović
84.5%
2014Arjen Robben
84.5%
2013Arjen Robben
84.5%
2011Wayne Rooney
84%
2009Wayne Rooney
84%
2004Wayne Rooney
84%
2015Eden Hazard
83.3%
2011Neymar
83%
2015Robert Lewandowski
83%
2006Ronaldinho
82.9%
2007Ronaldinho
82.8%
2005Ronaldinho
82.8%
2004Ronaldinho
82.8%
2006Zinedine Zidane
81.8%
2003Zinedine Zidane
81.8%
2004Zinedine Zidane
81.8%
2002Zinedine Zidane
81.8%
2001Zinedine Zidane
81.8%
2000Zinedine Zidane
81.8%
2014Manuel Neuer
81.3%
2015Manuel Neuer
81.2%
2014Thomas Müller
81.1%
2017Sergio Ramos
80.7%
2016Antoine Griezmann
80.5%
2014James Rodríguez
79.9%
2015Alexis Sanchez
79.4%
2012Robin Van Persie
78.5%
2015Thomas Muller
77.8%
2011Samuel Eto'o
77.7%
2009Samuel Eto'o
77.7%
2008Samuel Eto'o
77.7%
2006Samuel Eto'o
77.7%
2005Samuel Eto'o
77.7%
2013Robin Van Persie
77.3%
2017Toni Kroos
76.5%
2007Thierry Henry
74.7%
2006Thierry Henry
74.7%
2005Thierry Henry
74.7%
2004Thierry Henry
74.7%
2003Thierry Henry
74.7%
2002Thierry Henry
74.7%
2000Thierry Henry
74.7%
2016Riyad Mahrez
74.1%
2009Steven Gerrard
73.2%
2008Steven Gerrard
73.2%
2007Steven Gerrard
73.2%
2005Steven Gerrard
73.2%
2007Gianluigi Buffon
71.4%
2006Gianluigi Buffon
71.4%
2005Frank Lampard
71%
2016Toni Kroos
70.6%
2009Kaká
69.5%
2008Kaká
69.5%
2006Kaká
69.5%
2005Kaká
69.5%
2007Kaká
69.5%
2004Kaká
69.4%
2018Raphaël Varane
68.9%
2013Franck Ribery
68.4%
Year Player % Correct
2006Andrea Pirlo
68.3%
2010Diego Forlán
68%
2011Diego Forlán
68%
2012Andrea Pirlo
67.9%
2007Andrea Pirlo
67.8%
2012Radamel Falcao
67.8%
2003David Beckham
67.2%
2002David Beckham
67.2%
2000David Beckham
67.2%
2001David Beckham
67.2%
2009Fernando Torres
66.9%
2008Fernando Torres
66.9%
2013Andrea Pirlo
66%
2010David Villa
65.7%
2008David Villa
65.7%
2005Andriy Shevchenko
65.3%
2004Andriy Shevchenko
65.3%
2003Andriy Shevchenko
65.3%
2000Andriy Shevchenko
65.3%
2001Andriy Shevchenko
65.3%
2012Iker Casillas
64.6%
2011Iker Casillas
64.6%
2010Iker Casillas
64.6%
2008Iker Casillas
64.6%
2014Toni Kroos
64.4%
2001Luis Figo
64.2%
2000Luis Figo
64.2%
2017N'Golo Kanté
63.6%
2014Philipp Lahm
63.3%
2010Wesley Sneijder
59.6%
2007Fabio Cannavaro
59%
2006Fabio Cannavaro
59%
2017Marcelo
57.1%
2014Ángel Di María
56.5%
2002Rivaldo
54.4%
2001Rivaldo
54.4%
2000Rivaldo
54.4%
2002Michael Owen
54.3%
2001Michael Owen
54.3%
2004Pavel Nedvěd
52.9%
2003Pavel Nedvěd
52.9%
2000Raúl
45.7%
2003Raúl
45.5%
2002Raúl
45.5%
2001Raúl
45.5%
2003Roberto Carlos
45.4%
2002Roberto Carlos
45.4%
2001Francesco Totti
43.1%
2000Francesco Totti
43.1%
2004Ruud Van Nistelrooy
43%
2003Ruud Van Nistelrooy
41.7%
2010Xabi Alonso
41.4%
2002Oliver Kahn
41%
2001Oliver Kahn
41%
2005Paolo Maldini
37.3%
2003Paolo Maldini
37.3%
2002Michael Ballack
36.8%
2004Deco
31.3%
2000Alessandro Nesta
30%
2000Gabriel Batistuta
30%
2005Adriano
23.5%
2004Adriano
23.5%
2000Patrick Kluivert
22.9%
2001Juan Sebastián Verón
18%

You're not logged in!

Compare scores with friends on all Sporcle quizzes.
OR
Log In

Sporcle TV

Today on Sporcle TV


Watch our educational content, quiz creation guides, and fun videos on Sporcle TV.

Show Comments

Extras

Top Quizzes Today


Score Distribution

Your Account Isn't Verified!

In order to create a playlist on Sporcle, you need to verify the email address you used during registration. Go to your Sporcle Settings to finish the process.

Report this User

Report this user for behavior that violates our Community Guidelines.

Details: